Statistics for 90's Animated Kids Shows by Characters

Click here to take the quiz!

General Stats

  • This quiz has been taken 190 times
  • The average score is 6 of 15

Answer Stats

HintAnswer% Correct
Tommy, Chuckie, Phil, Lill and AngelicaThe Rugrats
90%
Leonardo, Michelangelo, Donatello,RaphaelTeenage Mutant Ninja Turtles
87%
Bubbles, Buttercup, BlossomPowerpuff Girls
86%
Didi, DexterDexters Lab
73%
Ms Frizzle, Keesha, Pheobe and CarlosThe Magic School Bus
52%
Ashley, Gretchen, TJ, Mikey, GusRecess
43%
Heffer, Rocko, Filbert, Mr Bighead and Spunky the DogRocko's Modern Life
40%
Cheetara, Lion-O, Panthro, SnarfThundercats
40%
Count Duckula, Igor, NannyCount Duckula
22%
Norbert and DaggetAngry Beavers
21%
Ginger Foutley, Carl Foutley, Courtney Gripling and Macie LightfootAs told by Ginger
19%
Ray, Egon, Slimer, Peter and WinstonThe Real Ghostbusters
16%
I R Baboon, I M Weasel, Red Guy and LoulabelleI Am Weasel
15%
Oblina, Slickis, Krumm, The GrombleAhh Real Monsters
13%
Jim, Peter, Princess Whats-Her-Name and Bob the Killer GoldfishEarthworm Jim
7%

Score Distribution

Percentile by Number Answered

Percent of People with Each Score

Your Score History

You have not taken this quiz